| 000 | 00404nam a22001577a 4500 | ||
|---|---|---|---|
| 003 | OSt | ||
| 005 | 20140311163153.0 | ||
| 008 | 140224t xxu||||| |||| 00| 0 eng d | ||
| 020 | _a0060235489 | ||
| 050 |
_aDS 109.9 _b.K87 1987 |
||
| 245 | _aJerusalem, shining still / | ||
| 260 |
_aUSA : _bHArper & Row, Publisher, _c1987. |
||
| 300 |
_a27 p. : _bcol. ill. ; _c30 cm. |
||
| 942 |
_2lcc _cHS |
||
| 999 |
_c42325 _d42325 |
||